[Event "DEM U12 2005"]
[Site "Willingen GER"]
[Date "2005.05.16"]
[Round "4"]
[White "Dürre, Gregor"]
[Black "Dünzel, Jonas"]
[Result "0-1"]
[Termination "normal"]
[Board "19"]
[WhiteElo "1319"]
[BlackElo "1516"]
[PlyCount "60"]
[BlackFideId "24631167"]
[EventCountry "GER"]
[EventRounds "11"]
[EventType "swiss"]
[EventDate "2005.05.15"]

1. e4 c5 2. Nc3 e6 3. d3 g6 4. g3 Bg7 5. Bg2 Ne7 6. f4 O-O 7. Nf3 Nbc6 8. Rb1
Qb6 9. Ne2 d5 10. O-O c4+ 11. Kh1 cxd3 12. cxd3 dxe4 13. dxe4 Rd8 14. Qc2 Bd7
15. Bd2 Rac8 16. Bc3 f6 17. e5 f5 18. Qb3 Qa6 19. Rfe1 Nd5 20. Bd2 Na5 21. Bxa5
Qxa5 22. Rbd1 Ba4 23. Qa3 Bf8 24. Qd3 Bxd1 25. Qxd1 Qxa2 26. Ned4 Nc7 27. Qe2
Bc5 28. Rd1 Qa4 29. b3 Qb4 30. Qb2 Nb5 0-1

[Event "DEM U12 2005"]
[Site "Willingen GER"]
[Date "2005.05.16"]
[Round "4"]
[White "Billing, Alexander"]
[Black "Brumme, Jan"]
[Result "0-1"]
[Termination "normal"]
[Board "20"]
[WhiteElo "1728"]
[BlackElo "1487"]
[PlyCount "68"]
[WhiteFideId "24624420"]
[EventCountry "GER"]
[EventRounds "11"]
[EventType "swiss"]
[EventDate "2005.05.15"]

1. e4 e5 2. Nf3 Nc6 3. d4 exd4 4. Nxd4 Bc5 5. Be3 Qf6 6. c3 Nge7 7. Bb5 O-O 8.
O-O Bb6 9. f4 d6 10. Qd2 Bd7 11. Nxc6 Nxc6 12. e5 Bxe3+ 13. Qxe3 dxe5 14. Bxc6
exf4 15. Bxd7 fxe3 16. Rxf6 gxf6 17. Na3 Rad8 18. Ba4 c6 19. Re1 Rfe8 20. Nc2
Rd2 21. Rxe3 Rxe3 22. Nxe3 Rxb2 23. Bb3 b5 24. Nf5 c5 25. c4 bxc4 26. Bxc4 Rc2
27. Bb3 Rc1+ 28. Kf2 c4 29. Ba4 Ra1 30. Ke3 Rxa2 31. Bc6 Ra5 32. Ne7+ Kf8 33.
Nd5 Rc5 34. Bb7 c3 0-1

[Event "DEM U12 2005"]
[Site "Willingen GER"]
[Date "2005.05.16"]
[Round "4"]
[White "Weber, Raphael"]
[Black "Mertens, Fridolin"]
[Result "1/2-1/2"]
[Termination "normal"]
[Board "21"]
[WhiteElo "1721"]
[BlackElo "1443"]
[PlyCount "42"]
[WhiteFideId "24644110"]
[BlackFideId "24671940"]
[EventCountry "GER"]
[EventRounds "11"]
[EventType "swiss"]
[EventDate "2005.05.15"]

1. e4 c5 2. Nf3 d6 3. d4 cxd4 4. Nxd4 Nf6 5. Nc3 a6 6. f4 e6 7. Nf3 Be7 8. Bd3
Nbd7 9. a4 b6 10. O-O Bb7 11. Qe2 O-O 12. Bd2 Nc5 13. Rae1 Qc7 14. Kh1 Rfd8 15.
Rd1 Rac8 16. Rfe1 Bf8 17. Qf2 Bc6 18. b3 Qb7 19. Qe2 Re8 20. Rc1 Rcd8 21. Rcd1
Rc8 1/2-1/2

[Event "DEM U12 2005"]
[Site "Willingen GER"]
[Date "2005.05.16"]
[Round "4"]
[White "Schiffner, Kevin"]
[Black "Schmitt, Philipp"]
[Result "0-1"]
[Termination "normal"]
[Board "22"]
[WhiteElo "1429"]
[BlackElo "1705"]
[PlyCount "126"]
[WhiteFideId "24674940"]
[BlackFideId "24641766"]
[EventCountry "GER"]
[EventRounds "11"]
[EventType "swiss"]
[EventDate "2005.05.15"]

1. d4 d5 2. c4 e6 3. Nc3 Nf6 4. Bg5 Be7 5. Nf3 h6 6. Bh4 O-O 7. e3 b6 8. Bd3
Bb7 9. O-O Nbd7 10. a3 c5 11. cxd5 Nxd5 12. Bxe7 Qxe7 13. Rc1 Rac8 14. Re1 cxd4
15. exd4 Nxc3 16. bxc3 Qxa3 17. c4 Qd6 18. Be4 Bxe4 19. Rxe4 Nf6 20. Re1 Rfd8
21. h3 Qb4 22. Qd3 Rc7 23. Rc3 Rdc8 24. Rec1 Qd6 25. Qc2 Nd5 26. c5 bxc5 27.
Rxc5 Rxc5 28. dxc5 Qc7 29. Nd4 a6 30. Qc4 Qb7 31. c6 Qb4 32. Qxa6 Rc7 33. Nb5
Qd2 34. Ra1 Re7 35. c7 Nxc7 36. Qc8+ Ne8 37. Ra7 Rxa7 38. Qxe8+ Kh7 39. Nxa7
Qc1+ 40. Kh2 Qc7+ 41. Kg1 Qxa7 42. Qc6 Qa1+ 43. Kh2 Qe5+ 44. g3 Qe2 45. Kg2 f5
46. Qd7 Qe5 47. Qd2 Qd5+ 48. Qxd5 exd5 49. Kf3 Kg6 50. Ke3 Kf6 51. Kd4 Ke6 52.
f4 Kd6 53. g4 g6 54. Ke3 Kc5 55. Kd3 d4 56. g5 h5 57. Ke2 Kc4 58. Kd2 d3 59.
Ke1 Kc3 60. Kd1 d2 61. h4 Kd4 62. Kxd2 Ke4 63. Ke2 Kxf4 0-1

[Event "DEM U12 2005"]
[Site "Willingen GER"]
[Date "2005.05.16"]
[Round "4"]
[White "Schulz, Anja"]
[Black "Gadschisade, Machmud"]
[Result "0-1"]
[Termination "normal"]
[Board "23"]
[WhiteElo "1444"]
[BlackElo "1676"]
[PlyCount "56"]
[WhiteFideId "24647845"]
[BlackFideId "4647734"]
[EventCountry "GER"]
[EventRounds "11"]
[EventType "swiss"]
[EventDate "2005.05.15"]

1. e4 Nf6 2. e5 Nd5 3. c4 Nb6 4. d4 d6 5. exd6 cxd6 6. Nc3 g6 7. Nf3 Bg7 8. Be3
Nc6 9. Be2 Bg4 10. O-O Bxf3 11. gxf3 d5 12. c5 Nc8 13. Rb1 O-O 14. Kh1 e5 15.
dxe5 d4 16. Qb3 Na5 17. Qa4 dxc3 18. Rfd1 Qc7 19. Rd7 Qc6 20. Qg4 cxb2 21. Rxb2
Bxe5 22. Rbd2 Bc3 23. R2d3 Bf6 24. Kg2 h5 25. Qf4 Qe6 26. Bd1 b6 27. cxb6 Nxb6
28. Bd2 Nxd7 0-1

[Event "DEM U12 2005"]
[Site "Willingen GER"]
[Date "2005.05.16"]
[Round "4"]
[White "Marx, Joschka"]
[Black "Berchtenbreiter, Maximilian"]
[Result "1/2-1/2"]
[Termination "normal"]
[Board "24"]
[WhiteElo "1419"]
[BlackElo "1631"]
[PlyCount "77"]
[WhiteFideId "24645869"]
[BlackFideId "24641120"]
[EventCountry "GER"]
[EventRounds "11"]
[EventType "swiss"]
[EventDate "2005.05.15"]

1. e4 c5 2. Nf3 e6 3. d4 cxd4 4. Nxd4 Qb6 5. Nf3 Bc5 6. Qd2 Nf6 7. Bd3 d6 8.
O-O O-O 9. Nc3 Bd7 10. Qe2 Bc6 11. Rb1 Nbd7 12. Bd2 Bd4 13. Nxd4 Qxd4 14. Be3
Qe5 15. f4 Qa5 16. Kh1 Qc7 17. Rbd1 Nc5 18. Bxc5 dxc5 19. e5 Nd7 20. Qh5 f5 21.
Bc4 Rfe8 22. Rd6 Nf8 23. Rfd1 a6 24. Qxf5 b5 25. Bxe6+ Nxe6 26. Rxe6 Qb7 27.
Rxe8+ Rxe8 28. Qg4 b4 29. Ne2 Bd5 30. h3 Re6 31. Qg5 Qa8 32. f5 Rxe5 33. Nf4
Kf7 34. Qh5+ Kf6 35. Nxd5+ Rxd5 36. Rxd5 Qxd5 37. Qxh7 Qd1+ 38. Kh2 Qd6+ 39.
Kh1 1/2-1/2

[Event "DEM U12 2005"]
[Site "Willingen GER"]
[Date "2005.05.16"]
[Round "4"]
[White "Ma, Beini"]
[Black "Risius, Philipp"]
[Result "1/2-1/2"]
[Termination "normal"]
[Board "25"]
[WhiteElo "1630"]
[BlackElo "1429"]
[PlyCount "51"]
[WhiteFideId "24630101"]
[BlackFideId "24630330"]
[EventCountry "GER"]
[EventRounds "11"]
[EventType "swiss"]
[EventDate "2005.05.15"]

1. e4 e5 2. Nf3 Nc6 3. d4 exd4 4. c3 d5 5. exd5 Qxd5 6. cxd4 Bg4 7. Nc3 Bb4 8.
Be2 Bxf3 9. Bxf3 Qc4 10. Bxc6+ bxc6 11. Qe2+ Qxe2+ 12. Kxe2 O-O-O 13. Rd1 Ne7
14. Be3 Rhe8 15. Rac1 Nf5 16. Kf3 Rd7 17. Ne2 Rde7 18. Rd3 Nxe3 19. fxe3 Re6
20. a3 Ba5 21. b4 Bb6 22. Kf2 g6 23. Rcc3 a6 24. Rc1 h5 25. Rdc3 Kd7 26. Ng1
1/2-1/2

[Event "DEM U12 2005"]
[Site "Willingen GER"]
[Date "2005.05.16"]
[Round "4"]
[White "Grünter, Martin"]
[Black "Weißenburg, Isabel"]
[Result "1-0"]
[Termination "normal"]
[Board "26"]
[WhiteElo "1574"]
[BlackElo "1146"]
[PlyCount "49"]
[WhiteFideId "24640352"]
[BlackFideId "4612922"]
[EventCountry "GER"]
[EventRounds "11"]
[EventType "swiss"]
[EventDate "2005.05.15"]

1. e4 c5 2. Nf3 d6 3. d4 cxd4 4. Nxd4 Nf6 5. Nc3 a6 6. Bg5 e6 7. f4 Be7 8. Qf3
Nbd7 9. O-O-O b5 10. e5 Rb8 11. exf6 Nxf6 12. Be2 Bb7 13. Qf2 Qc8 14. f5 e5 15.
Bxf6 Bxf6 16. Nb3 b4 17. Nd5 Bxd5 18. Rxd5 Qc6 19. Bf3 Qd7 20. g4 Rc8 21. Rhd1
Rc6 22. h4 h6 23. R5d2 g5 24. Bxc6 Qxc6 25. Rxd6 1-0

[Event "DEM U12 2005"]
[Site "Willingen GER"]
[Date "2005.05.16"]
[Round "4"]
[White "Lebek, Ricarda"]
[Black "Dorn, Carina"]
[Result "1-0"]
[Termination "normal"]
[Board "27"]
[WhiteElo "1394"]
[BlackElo "1554"]
[PlyCount "90"]
[WhiteFideId "4624688"]
[BlackFideId "24666335"]
[EventCountry "GER"]
[EventRounds "11"]
[EventType "swiss"]
[EventDate "2005.05.15"]

1. e4 e6 2. d4 d5 3. exd5 exd5 4. Bd3 Bd6 5. Nc3 Ne7 6. Nge2 c6 7. Be3 Bf5 8.
f3 Nd7 9. g4 Bxd3 10. Qxd3 Qc7 11. h4 O-O-O 12. O-O-O Nb6 13. Kb1 Nc4 14. Bf2
Qb6 15. Na4 Qa5 16. Nc5 b6 17. Be1 Qb5 18. Nb3 a5 19. Nc3 Qa6 20. Nd2 a4 21.
Rc1 b5 22. Nd1 Kc7 23. Ne3 Nxe3 24. Qxe3 b4 25. c4 bxc3 26. Qxc3 Rb8 27. Nf1
Rb5 28. Bg3 Rhb8 29. Rc2 f5 30. Bxd6+ Kxd6 31. Ne3 f4 32. Ng2 Rf8 33. Re1 Qa5
34. Qxa5 Rxa5 35. b4 axb3 36. axb3 c5 37. dxc5+ Rxc5 38. Rxc5 Kxc5 39. Rxe7 Kd4
40. Rxg7 Kd3 41. Rxh7 d4 42. Rd7 Ke2 43. Rxd4 Kxf3 44. Rxf4+ Rxf4 45. Nxf4 Kxf4
1-0

[Event "DEM U12 2005"]
[Site "Willingen GER"]
[Date "2005.05.16"]
[Round "4"]
[White "Schätz, Annika"]
[Black "Tantzen, Cedric"]
[Result "1/2-1/2"]
[Termination "normal"]
[Board "28"]
[WhiteElo "1386"]
[BlackElo "1538"]
[PlyCount "109"]
[WhiteFideId "24674796"]
[BlackFideId "24640018"]
[EventCountry "GER"]
[EventRounds "11"]
[EventType "swiss"]
[EventDate "2005.05.15"]

1. e4 e5 2. Nf3 Nc6 3. Bc4 Bc5 4. b4 Bxb4 5. c3 Ba5 6. d4 exd4 7. O-O Nge7 8.
cxd4 d5 9. exd5 Nxd5 10. Qb3 Nce7 11. Ba3 c6 12. Bxe7 Kxe7 13. Bxd5 Qxd5 14.
Qe3+ Be6 15. Nc3 Bxc3 16. Qxc3 Qd6 17. Rfe1 f6 18. Rab1 Rab8 19. Qe3 Kf7 20. d5
Bxd5 21. Qxa7 Qc7 22. Nd4 Rhc8 23. Nf5 Be6 24. Nd4 Bd7 25. Qc5 Re8 26. h3 Rxe1+
27. Rxe1 Re8 28. Qh5+ g6 29. Qxh7+ Kf8 30. Ne6+ Rxe6 31. Rxe6 Qf4 32. Re1 Qd2
33. Qe7+ Kg8 34. Qe2 Qxe2 35. Rxe2 Kf7 36. f4 b5 37. g4 c5 38. Kf2 c4 39. Ke3
Ke6 40. Kd4+ Kd6 41. a3 Be6 42. Kc3 f5 43. g5 Bd5 44. Re8 Bf3 45. Kb4 Kd7 46.
Rg8 Bh5 47. Rb8 c3 48. Kxc3 Kc6 49. Kb4 Be2 50. a4 bxa4 51. Kxa4 Kd5 52. Re8
Bh5 53. Kb4 Kd4 54. Re7 Bf3 55. h4 1/2-1/2

[Event "DEM U12 2005"]
[Site "Willingen GER"]
[Date "2005.05.16"]
[Round "4"]
[White "Schwarzat, Julian"]
[Black "Braun, Georg"]
[Result "0-1"]
[Termination "normal"]
[Board "29"]
[WhiteElo "1185"]
[BlackElo "1493"]
[PlyCount "124"]
[WhiteFideId "24675857"]
[BlackFideId "24629383"]
[EventCountry "GER"]
[EventRounds "11"]
[EventType "swiss"]
[EventDate "2005.05.15"]

1. e4 e6 2. d4 d5 3. exd5 exd5 4. c4 c6 5. Nf3 dxc4 6. Bxc4 Bd6 7. Nc3 Ne7 8.
O-O O-O 9. Bg5 Kh8 10. Bxe7 Bxe7 11. Ne5 Qe8 12. Re1 Nd7 13. Qe2 Nxe5 14. Qxe5
Be6 15. Bxe6 fxe6 16. Qxe6 Bf6 17. Qxe8 Raxe8 18. Ne2 Re7 19. Kf1 h6 20. Rad1
Rd8 21. Rd2 Red7 22. Red1 c5 23. d5 Kg8 24. g3 Kf7 25. h4 g5 26. hxg5 hxg5 27.
Kg2 Ke7 28. f4 gxf4 29. Nxf4 Bg5 30. Ne6 Bxd2 31. Nxd8 Bh6 32. Ne6 Be3 33. Kf3
Bh6 34. Nxc5 Rd6 35. Nxb7 Rb6 36. d6+ Kd7 37. Nc5+ Ke8 38. d7+ Kd8 39. Ke4 Bf8
40. b4 Rxb4+ 41. Rd4 Bxc5 42. Rxb4 Bxb4 43. g4 Kxd7 44. Kd5 a5 45. g5 Ke7 46.
Ke5 Kf7 47. Kf5 a4 48. g6+ Kg7 49. Ke5 Kxg6 50. Kd4 a3 51. Kc4 Bf8 52. Kd3 Kf5
53. Kc3 Ke4 54. Kc4 Bg7 55. Kb3 Bf8 56. Kc4 Kf3 57. Kd3 Be7 58. Kd4 Ke2 59. Kc3
Kd1 60. Kd3 Kc1 61. Kc3 Kb1 62. Kb3 Ka1 0-1

[Event "DEM U12 2005"]
[Site "Willingen GER"]
[Date "2005.05.16"]
[Round "4"]
[White "Fittkau, Nico"]
[Black "Blübaum, Johanna"]
[Result "1-0"]
[Termination "normal"]
[Board "30"]
[WhiteElo "1369"]
[BlackElo "1542"]
[PlyCount "165"]
[BlackFideId "24647373"]
[EventCountry "GER"]
[EventRounds "11"]
[EventType "swiss"]
[EventDate "2005.05.15"]

1. e4 e6 2. d4 d5 3. e5 c5 4. c3 Nc6 5. Nf3 Qb6 6. a3 c4 7. Be2 Na5 8. Nbd2 Bd7
9. O-O Ne7 10. Qe1 Qc7 11. Bd1 Nc8 12. Bc2 Nb6 13. Qd1 Be7 14. Re1 O-O-O 15.
Nf1 h5 16. Ng5 Rdf8 17. Ng3 Qd8 18. f4 g6 19. h4 Qe8 20. a4 f6 21. Nf3 Rhg8 22.
Rf1 Qd8 23. b4 cxb3 24. Bxb3 fxe5 25. Ng5 e4 26. Rf2 Bd6 27. Nh7 Re8 28. Ng5
Rg7 29. Rb2 Qc7 30. Ne2 Nbc4 31. Bxc4 Nxc4 32. Rbb1 b6 33. Nh3 Rf8 34. Kh2 Bc6
35. g3 Bb7 36. Ng5 Re8 37. Nh3 Ba6 38. Nhg1 Na5 39. Ba3 Bd3 40. Bxd6 Qxd6 41.
Rb4 Rc7 42. Qd2 Kd7 43. Nc1 Ba6 44. Na2 Rec8 45. Rab1 Bd3 46. Rc1 Nc4 47. Qe1
Qe7 48. Nh3 Na3 49. Nf2 Ba6 50. Nd1 Nc4 51. Qe2 Kd8 52. Ne3 Rc6 53. Nxc4 Bxc4
54. Rxc4 Rxc4 55. Qb2 Qd7 56. Nb4 Qxa4 57. Ra1 Qb5 58. Rxa7 Rxc3 59. Nc6+ Qxc6
60. Qb4 Rc2+ 61. Kh3 Rc7 62. Ra8+ Rc8 63. Ra7 Rc7 64. Ra8+ Kd7 65. Qf8 Rc8 66.
Qf7+ Kd6 67. Ra7 Rc7 68. Qf8+ Kd7 69. Ra8 Qb7 70. Rd8+ Kc6 71. Qe8+ Rd7 72.
Qxe6+ Kb5 73. Rxd7 Qc6 74. Rxd5+ Ka4 75. Qxe4 Rc4 76. Qg2 Qc8+ 77. f5 Rc2 78.
Qf1 Kb3 79. Qb1+ Rb2 80. Qd3+ Qc3 81. Rb5+ Ka4 82. Qxc3 Rxb5 83. fxg6 1-0

[Event "DEM U12 2005"]
[Site "Willingen GER"]
[Date "2005.05.16"]
[Round "4"]
[White "Popov, Xenia"]
[Black "Jussupow, Alexander"]
[Result "0-1"]
[Termination "normal"]
[Board "31"]
[WhiteElo "1306"]
[BlackElo "1943"]
[PlyCount "94"]
[BlackFideId "24613509"]
[EventCountry "GER"]
[EventRounds "11"]
[EventType "swiss"]
[EventDate "2005.05.15"]

1. d4 d5 2. Nf3 Nf6 3. Bf4 e6 4. e3 c5 5. c3 Nc6 6. Bd3 cxd4 7. exd4 Be7 8. O-O
O-O 9. Nbd2 a6 10. Qc2 Bd7 11. Rfe1 Rc8 12. Qb3 Nh5 13. Be3 Na5 14. Qd1 Nf6 15.
Ne5 Bd6 16. Ndf3 Nc6 17. Bf4 Qc7 18. Nxd7 Qxd7 19. Bxd6 Qxd6 20. Ne5 b5 21. Rc1
Nd7 22. Nxd7 Qxd7 23. Re3 h6 24. Rg3 Qe7 25. Qh5 Qf6 26. Re1 Rce8 27. Rh3 e5
28. dxe5 Nxe5 29. Rhe3 Nxd3 30. Rxe8 Qxf2+ 31. Kh1 Nxe1 32. Qe2 Rxe8 33. Qxf2
Nd3 34. Qd2 Re1+ 35. Qxe1 Nxe1 36. Kg1 Nd3 37. b3 Kf8 38. Kf1 Nc1 39. c4 dxc4
40. bxc4 bxc4 41. a3 Ke7 42. Ke1 Kd6 43. Kd2 Nb3+ 44. Kc3 Kc5 45. a4 f5 46. g3
g5 47. h3 f4 0-1

[Event "DEM U12 2005"]
[Site "Willingen GER"]
[Date "2005.05.16"]
[Round "4"]
[White "Wolf, Isaak"]
[Black "Nguyen Minh, Thuy"]
[Result "1/2-1/2"]
[Termination "normal"]
[Board "32"]
[WhiteElo "1470"]
[BlackElo "1328"]
[PlyCount "54"]
[BlackFideId "24672688"]
[EventCountry "GER"]
[EventRounds "11"]
[EventType "swiss"]
[EventDate "2005.05.15"]

1. e4 c5 2. Nf3 Nc6 3. d4 cxd4 4. Nxd4 g6 5. Nc3 Bg7 6. Be3 Nf6 7. Bc4 a6 8. a3
Qc7 9. Bb3 d6 10. O-O O-O 11. h3 Bd7 12. Re1 Rfe8 13. Qd2 Rac8 14. Rad1 Qb8 15.
Qe2 b5 16. Rd2 Na5 17. Ba2 Nc4 18. Bxc4 bxc4 19. Rb1 e6 20. b3 cxb3 21. Rxb3
Qa8 22. Nf3 Rxc3 23. Rxc3 Nxe4 24. Rc7 Nxd2 25. Qxd2 Bc6 26. Ra7 Qb8 27. Rxa6
Bxf3 1/2-1/2

[Event "DEM U12 2005"]
[Site "Willingen GER"]
[Date "2005.05.16"]
[Round "4"]
[White "Wild, Katharina"]
[Black "Cornish, Alexander"]
[Result "1/2-1/2"]
[Termination "normal"]
[Board "33"]
[WhiteElo "1294"]
[BlackElo "1466"]
[PlyCount "105"]
[WhiteFideId "24678015"]
[EventCountry "GER"]
[EventRounds "11"]
[EventType "swiss"]
[EventDate "2005.05.15"]

1. c4 Nf6 2. Nc3 g6 3. e4 d6 4. d4 Nbd7 5. f4 Nb6 6. Nf3 Bg7 7. Be2 O-O 8. O-O
c6 9. h3 Nfd7 10. Be3 c5 11. Qc2 cxd4 12. Bxd4 Nf6 13. Rad1 Bd7 14. b4 Qe8 15.
Rfe1 Rc8 16. Qb3 Be6 17. Nd5 Nxe4 18. Nxb6 axb6 19. Bxb6 Nc3 20. Rc1 Nxe2+ 21.
Rxe2 Qc6 22. Qe3 Qa4 23. a3 Rxc4 24. Rxc4 Bxc4 25. Re1 Be6 26. Ng5 Bd5 27. Qxe7
Qc6 28. Bf2 Bxg2 29. Kh2 h6 30. Nxf7 Rxf7 31. Qe8+ Bf8 32. Qe6 Kg7 33. Bd4+ Kg8
34. Qxg6+ Bg7 35. Bxg7 Be4 36. Rxe4 Qc2+ 37. Kg3 Qd3+ 38. Kg4 h5+ 39. Kg5 Qg3+
40. Kh6 Qxg6+ 41. Kxg6 Rxg7+ 42. Kxh5 Kf7 43. a4 Kf6 44. a5 Kf5 45. Kh6 Rg3 46.
Rd4 Rxh3+ 47. Kg7 Rb3 48. Rxd6 Rxb4 49. Rb6 Ra4 50. Rxb7 Kxf4 51. Ra7 Ke5 52.
a6 Kd6 53. Ra8 1/2-1/2

[Event "DEM U12 2005"]
[Site "Willingen GER"]
[Date "2005.05.16"]
[Round "4"]
[White "Hubbuch, Fabian"]
[Black "Kreiter, Thomas"]
[Result "1/2-1/2"]
[Termination "normal"]
[Board "34"]
[WhiteElo "1452"]
[BlackElo "1312"]
[PlyCount "74"]
[BlackFideId "24645591"]
[EventCountry "GER"]
[EventRounds "11"]
[EventType "swiss"]
[EventDate "2005.05.15"]

1. e4 e5 2. Nf3 Nc6 3. d4 exd4 4. Nxd4 Bc5 5. Be3 Bb6 6. Bc4 Nf6 7. Nc3 O-O 8.
O-O d6 9. Nxc6 bxc6 10. Bg5 h6 11. Bh4 Be6 12. Bxe6 fxe6 13. Qd3 Qe8 14. Rad1
Rd8 15. Rd2 Qh5 16. Qh3 e5 17. Qe6+ Qf7 18. Qxf7+ Rxf7 19. Bg3 Rdf8 20. Kh1 Ng4
21. f3 Ne3 22. Re1 Nc4 23. Rdd1 Nxb2 24. Rb1 Ba5 25. Re3 Nc4 26. Rd3 Nb6 27.
Ne2 g5 28. Ra3 Nc4 29. Ra4 Nd2 30. Rd1 Nxf3 31. gxf3 Bb6 32. Rf1 Rxf3 33. Rxf3
Rxf3 34. Kg2 Re3 35. Kf1 Rf3+ 36. Ke1 h5 37. h4 g4 1/2-1/2

[Event "DEM U12 2005"]
[Site "Willingen GER"]
[Date "2005.05.16"]
[Round "4"]
[White "März, Julian"]
[Black "Hohmann, Louisa"]
[Result "1-0"]
[Termination "normal"]
[Board "35"]
[WhiteElo "1439"]
[BlackElo "1301"]
[PlyCount "65"]
[WhiteFideId "24646172"]
[EventCountry "GER"]
[EventRounds "11"]
[EventType "swiss"]
[EventDate "2005.05.15"]

1. e4 e5 2. Nf3 Nf6 3. Nc3 Nc6 4. Bb5 Bb4 5. d3 d6 6. Bg5 O-O 7. a3 Bxc3+ 8.
bxc3 Bd7 9. O-O a6 10. Ba4 b5 11. Bb3 Na5 12. Ba2 Qe7 13. Re1 Be6 14. Qe2 Bxa2
15. Rxa2 Qe6 16. Rea1 Nb7 17. a4 c6 18. axb5 cxb5 19. Rxa6 Rxa6 20. Rxa6 Nc5
21. Ra1 Na4 22. Bd2 Nc5 23. Ng5 Qd7 24. Rb1 h6 25. Nf3 Rc8 26. Nh4 Na4 27. Rb3
Qc6 28. Qf3 d5 29. Nf5 Re8 30. Bxh6 g6 31. exd5 Qxd5 32. Ne7+ Rxe7 33. Qxf6 1-0

[Event "DEM U12 2005"]
[Site "Willingen GER"]
[Date "2005.05.16"]
[Round "4"]
[White "Weissbeck, Simon"]
[Black "Micklich, Rahel"]
[Result "1-0"]
[Termination "normal"]
[Board "36"]
[WhiteElo "1439"]
[BlackElo "1294"]
[PlyCount "95"]
[WhiteFideId "24646865"]
[BlackFideId "24639184"]
[EventCountry "GER"]
[EventRounds "11"]
[EventType "swiss"]
[EventDate "2005.05.15"]

1. e4 c5 2. c3 Nc6 3. d4 cxd4 4. cxd4 d5 5. e5 e6 6. Bb5 Bd7 7. Nf3 Qa5+ 8. Nc3
Bb4 9. O-O Bxc3 10. Bxc6 Bxc6 11. bxc3 Qxc3 12. Bg5 Qa5 13. Qb3 Ne7 14. Rfc1
Rc8 15. Rab1 Qd8 16. Qa3 a6 17. Ne1 Qd7 18. Nd3 O-O 19. Qxe7 Qxe7 20. Bxe7 Rfe8
21. Ba3 Bb5 22. Rxc8 Rxc8 23. Rc1 Bc4 24. Nb2 b5 25. Nxc4 dxc4 26. Kf1 a5 27.
Bc5 g5 28. Ke2 h5 29. Kd2 Kg7 30. a3 f5 31. Bd6 Kg6 32. Rb1 c3+ 33. Kd3 b4 34.
axb4 axb4 35. Bxb4 c2 36. Rc1 Rb8 37. Bd2 Rb1 38. Kxc2 Rxc1+ 39. Kxc1 f4 40. f3
Kf5 41. Kd1 g4 42. Ke2 h4 43. fxg4+ Kxg4 44. d5 Kf5 45. d6 Kxe5 46. d7 Kf5 47.
Bxf4 Kxf4 48. d8=Q 1-0

[Event "DEM U12 2005"]
[Site "Willingen GER"]
[Date "2005.05.16"]
[Round "4"]
[White "Wapenhans, Martin"]
[Black "Zimmerer, Leah"]
[Result "1-0"]
[Termination "normal"]
[Board "37"]
[WhiteElo "1416"]
[BlackElo "1243"]
[PlyCount "105"]
[BlackFideId "4620240"]
[EventCountry "GER"]
[EventRounds "11"]
[EventType "swiss"]
[EventDate "2005.05.15"]

1. e4 c5 2. c3 e5 3. Nf3 Qc7 4. d4 cxd4 5. cxd4 exd4 6. Nxd4 Nf6 7. Bd3 Nc6 8.
Nf3 b6 9. O-O g6 10. Nc3 Bg7 11. Nb5 Qb8 12. e5 Ng4 13. Nd6+ Kf8 14. Bf4 Ngxe5
15. Nxe5 Nxe5 16. Bxe5 Bxe5 17. Be4 Bxd6 18. Bxa8 Bxh2+ 19. Kh1 Qf4 20. Qf3 Qh6
21. Qh3 Qxh3 22. gxh3 Be5 23. Rac1 Kg7 24. Rc2 d6 25. Bg2 Bf5 26. Rc7 a5 27. b3
Rd8 28. Bd5 Bxh3 29. Rxf7+ Kh6 30. Rc1 Bd4 31. Rcc7 Re8 32. Rxh7+ Kg5 33. Rxh3
Re1+ 34. Kg2 Re2 35. Rg3+ Kh6 36. Rf7 Re5 37. Bf3 Bc5 38. Rf6 d5 39. Rfxg6+ Kh7
40. R6g5 Rxg5 41. Rxg5 d4 42. Kg3 Kh6 43. Rd5 Kg6 44. Be4+ Kf6 45. f4 Ke6 46.
a4 Kf6 47. Kg4 Ke6 48. Rxc5 bxc5 49. Kg5 Kf7 50. Kf5 Kg7 51. Ke6 Kf8 52. Kf6
Kg8 53. Ke7 1-0

[Event "DEM U12 2005"]
[Site "Willingen GER"]
[Date "2005.05.16"]
[Round "4"]
[White "Iwanziw, Niklas"]
[Black "Weber, Max"]
[Result "1-0"]
[Termination "normal"]
[Board "38"]
[WhiteElo "1406"]
[BlackElo "1128"]
[PlyCount "93"]
[WhiteFideId "24647101"]
[BlackFideId "4624831"]
[EventCountry "GER"]
[EventRounds "11"]
[EventType "swiss"]
[EventDate "2005.05.15"]

1. d4 d5 2. c4 c6 3. Nc3 e6 4. Nf3 Nf6 5. Bg5 h6 6. Bh4 Nbd7 7. e3 Bb4 8. a3
Ba5 9. b4 Bc7 10. c5 b6 11. Bd3 bxc5 12. dxc5 Ne5 13. Be2 Ng6 14. Bg3 Bxg3 15.
hxg3 O-O 16. Nd4 Bb7 17. g4 Nh7 18. Nb3 Qf6 19. Qd4 Qxd4 20. exd4 Nf4 21. Bf1
Ng5 22. Na5 Rab8 23. Kd2 Rfc8 24. Ke3 Ng6 25. f4 Nh7 26. g3 Nf6 27. g5 hxg5 28.
fxg5 Nd7 29. Bd3 Ne7 30. g4 f6 31. Nxb7 Rxb7 32. Ba6 Rbc7 33. Bxc8 Rxc8 34.
gxf6 gxf6 35. Rh2 Kf7 36. Rh7+ Ke8 37. Rah1 Nf8 38. R7h3 e5 39. Rf1 Nd7 40.
Rh8+ Kf7 41. Rxc8 Nxc8 42. g5 exd4+ 43. Kxd4 Kg6 44. gxf6 Nxf6 45. b5 cxb5 46.
Nxd5 Ng4 47. Rf8 1-0

[Event "DEM U12 2005"]
[Site "Willingen GER"]
[Date "2005.05.16"]
[Round "4"]
[White "Garny, Annica"]
[Black "Lindner, Robert"]
[Result "0-1"]
[Termination "normal"]
[Board "39"]
[WhiteElo "1259"]
[BlackElo "1391"]
[PlyCount "64"]
[WhiteFideId "24600660"]
[BlackFideId "24658847"]
[EventCountry "GER"]
[EventRounds "11"]
[EventType "swiss"]
[EventDate "2005.05.15"]

1. e4 e6 2. d4 d5 3. Nc3 Bb4 4. e5 c5 5. a3 Bxc3+ 6. bxc3 Ne7 7. Nf3 Nbc6 8.
Bg5 Bd7 9. Be2 Qc7 10. O-O h6 11. Be3 Nf5 12. Qd2 O-O-O 13. c4 f6 14. cxd5 exd5
15. c3 fxe5 16. dxe5 Nxe5 17. Qxd5 Rhe8 18. Qxc5 Nxe3 19. Qxe3 Ng4 20. Qd3 Be6
21. Qg6 Bd7 22. Bd3 Rf8 23. h3 Rf6 24. Qxg7 Rxf3 25. hxg4 Rxd3 26. Rac1 Qf4 27.
Rb1 Qxg4 28. Qxh6 Rg8 29. Qh2 Rh3 30. g3 Rxh2 31. Kxh2 Qh3+ 32. Kg1 Rh8 0-1

[Event "DEM U12 2005"]
[Site "Willingen GER"]
[Date "2005.05.16"]
[Round "4"]
[White "Gheng, Hannelore"]
[Black "Kammrad, Carolin"]
[Result "1-0"]
[Termination "normal"]
[Board "40"]
[WhiteElo "1233"]
[BlackElo "1385"]
[PlyCount "65"]
[EventCountry "GER"]
[EventRounds "11"]
[EventType "swiss"]
[EventDate "2005.05.15"]

1. e4 e5 2. Nf3 Nc6 3. Bb5 a6 4. Ba4 Bc5 5. c3 b5 6. Bc2 d6 7. O-O Nf6 8. d4
Bb6 9. Be3 O-O 10. Nbd2 Bg4 11. h3 Bh5 12. Qc1 Qd7 13. dxe5 Bxe3 14. exf6 Bxd2
15. Nxd2 gxf6 16. f4 Kh8 17. Qe1 Rg8 18. Qh4 Be2 19. Rf2 Bc4 20. e5 f5 21. Qf6+
Rg7 22. Bxf5 Be6 23. Bxe6 fxe6 24. exd6 cxd6 25. Ne4 Rd8 26. Rd1 Na5 27. Nc5
Qe7 28. Qxe7 Rxe7 29. Nxa6 Nc4 30. Nc5 Ne3 31. Rd3 Nd5 32. Nxe6 Nf6 33. Nxd8
1-0